Monachium - quiz wielokrotnego wyboru - Statystyki

Ogólne statystyki
  • Ten quiz został rozwiązany 667 razy
  • Średni wynik to 8 z 10
Statystyki odpowiedzi
Zagadnienie Odpowiedź % Poprawnych
Jak nazywa się niemiecki land, którego stolicą jest Monachium? Bawaria
99%
Jaka jest niemiecka nazwa dla Monachium? München
98%
Jaki jest największy festiwal w Monachium, przyciągający co roku miliony odwiedzających? Oktoberfest
97%
Który papież niegdyś był także arcybiskupem Monachium i Freising? Benedykt XVI
83%
Czym są Löwenbräu, Spaten i Paulaner? Piwami
82%
Jaki producent samochodów ma swoją główną siedzibę w Monachium? BMW
78%
Co wydarzyło się w 1923 r. w Monachium? Pucz monachijski
72%
W którym roku Monachium gościło Letnie Igrzyska Olimpijskie? 1972
67%
Który król zlecił budowę zamku Neuschwanstein? Ludwik II Wittelsbach
57%
Jak nazywa się największy park w Monachium, słynący z fali do surfowania? Englischer Garten
41%
Nie znaleziono quizów pasujących do podanych kryteriów
Rozkład punktacji
Procent ludzi z każdym wynikiem
Percentyl według liczby udzielonych odpowiedzi
Twoja historia wyników
Nie rozwiązałeś tego quizu